| 000 | 00643nam a22001817a 4500 | ||
|---|---|---|---|
| 005 | 20260420113515.0 | ||
| 008 | 260420b |||||||| |||| 00| 0 eng d | ||
| 020 | _a978-0-13-235088-4 | ||
| 050 | _aQA 76.76 .D47 M37 2009 | ||
| 100 | _aMARTIN, ROBERT C. | ||
| 245 | _aCLEAN CODE: A HANDBOOK OF AGILE SOFTWARE CRAFTSMANSHIP. | ||
| 260 |
_aBOSTON, _bADDISON-WESLEY. _c2009. |
||
| 300 | _aXXIX, 431 P, ILL | ||
| 500 | _aINCLUDES BIBLIOGRAPHICAL REFERENCES AND INDEX. | ||
| 650 | _a1. AGILE SOFTWARE DEVELOPMENT. 2. COMPUTER SOFTWARE - RELIABILITY. | ||
| 700 | _aFEATHERS, MICHAEL C. OTTINGER, TIMOTHY R. | ||
| 942 |
_2lcc _cBK |
||
| 999 |
_c217013 _d217013 |
||